[Event "POL-chT U19 39th"]
[Site "Gorzow Wielkopolski"]
[Date "2008.07.09"]
[Round "5.17"]
[White "Krasnodebska, Magdalena"]
[Black "Adamowicz, Katarzyna"]
[Result "1/2-1/2"]
[WhiteElo "2051"]
[BlackElo "2063"]
[PlyCount "89"]
[EventDate "2008.07.05"]
[EventType "team-tourn"]
[EventRounds "9"]
[EventCountry "POL"]
[SourceTitle "EXT 2019"]
[Source "ChessBase"]
[SourceDate "2018.10.10"]
[SourceVersion "1"]
[SourceVersionDate "2018.10.10"]
[SourceQuality "1"]
[WhiteTeam "Gliwice Politechnika Slaska U19"]
[BlackTeam "Koszalin Hetman Politechnika U19"]
[WhiteTeamCountry "POL"]
[BlackTeamCountry "POL"]

1. e4 e5 2. Nf3 Nc6 3. Bb5 a6 4. Bxc6 dxc6 5. 0-0 Bg4 6. h3 h5 7. d3 Qf6 8. Nbd2 Bc5 9. Nc4 Bxf3 10. Qxf3 Qxf3 11. gxf3 f6 12. Be3 Bd6 13. c3 0-0-0 14. d4 Nh6 15. dxe5 fxe5 16. Rad1 Nf7 17. Kh2 g5 18. Rg1 Rdg8 19. Rg3 Be7 20. Rg2 Bf6 21. Bc1 Rd8 22. Rxd8+ Rxd8 23. Rg1 Rd3 24. Ne3 Nd8 25. Rd1 Rxd1 26. Nxd1 Ne6 27. Kg1 Kd7 28. Kf1 Ke8 29. b3 Be7 30. Ne3 Nf4 31. Nf5 Nxh3 32. Ng7+ Kf7 33. Nxh5 Nf4 34. Nxf4 gxf4 35. Bb2 Ke6 36. Ke2 b5 37. Kd3 Bc5 38. c4 Bxf2 39. Bc3 Be3 40. Ba5 Kd6 41. Bc3 c5 42. Be1 Bd4 43. Bd2 Bb2 44. Be1 c6 45. Bd2 1/2-1/2